A manual for the congregational library.
Saved in:
| Main Author: | |
|---|---|
| Format: | Book |
| Language: | English |
| Published: |
Cleveland,
Cleveland Bureau of Jewish Education,
1975.
|
| Subjects: | |
| Tags: |
Add Tag
No Tags, Be the first to tag this record!
|
| LEADER | 00740cam a2200229I 4500 | ||
|---|---|---|---|
| 001 | 014424348-2 | ||
| 005 | 20150710133719.0 | ||
| 008 | 761223s1975 ohu f 000 0 eng d | ||
| 035 | 0 | |a ocm02643403 | |
| 040 | |a HUC |b eng |c HUC |d OCL |d OCLCF |d OCLCQ |d OCLCO |d OCL | ||
| 050 | 4 | |a Z675.J4 |b B44 | |
| 100 | 1 | |a Bennett, Alan D. | |
| 245 | 1 | 2 | |a A manual for the congregational library. |
| 260 | |a Cleveland, |b Cleveland Bureau of Jewish Education, |c 1975. | ||
| 300 | |a 79 leaves |b diagrams |c 28 cm | ||
| 336 | |a text |b txt |2 rdacontent | ||
| 337 | |a unmediated |b n |2 rdamedia | ||
| 338 | |a volume |b nc |2 rdacarrier | ||
| 650 | 0 | |a Synagogue libraries |v Handbooks, manuals, etc. | |
| 650 | 0 | |a Jewish libraries |v Handbooks, manuals, etc. | |
| 988 | |a 20150710 | ||
| 906 | |0 OCLC | ||


